| 000 | 00874nam a22002897a 4500 | ||
|---|---|---|---|
| 003 | CHAP | ||
| 005 | 20220329140357.0 | ||
| 008 | 971013s1970 r 00010 d | ||
| 010 | _a51110 | ||
| 011 | _a52082 | ||
| 035 | _a56232 | ||
| 040 | _cCHAP | ||
| 082 |
_a334.683 _bR6 |
||
| 100 | 0 | 0 |
_aRodríguez Rosa, Antonio. _998873 |
| 245 |
_aDespertando al gigante _b: el campesino de América |
||
| 260 |
_aMéxico, D. F. : _bLa Prensa, _c1970 |
||
| 300 | _a363 p. | ||
| 590 |
_aBATCH-UPD _b10 _c20130110 _lUCH01 _h0429 |
||
| 590 |
_aBATCH-UPD _b10 _c20130410 _lUCH01 _h0105 |
||
| 590 |
_aBATCH-UPD _b10 _c20130914 _lUCH01 _h0003 |
||
| 590 |
_aCONVERSION _b10 _c20130109 _lUCH01 _h1328 |
||
| 650 | 1 | 4 |
_aAgricultura cooperativa. _91945 |
| 650 | 1 | 4 |
_aCampesinado. _917993 |
| 901 | _aBK | ||
| 942 | _cLIBRO | ||
| 949 |
_a334.683 R6 _bBC _cLIBRO _d33724000334983 _eLIBRO _h73490 _i56232 _si |
||
| 999 |
_c51110 _d51110 |
||